000 01408nam a2200313 a 4500
003 MX-MxUPN
005 20221125144605.0
008 200205t2018 mx rb 000 0 spa d
020 _a9786073004473
035 _aUPN01000235277
040 _aMX-MxUPN
_bspa
_cMX-MxUPN
041 0 _aspa
050 1 4 _aHD1531 M6
_bN6.518
100 1 _aNolan Ferrell, Catherine A.,
_d1965-
_943619
240 1 0 _a[Constructing citizenship: transnational workers and revolution on the Mexico-Guatemala border, 1880-1950.
_lEspañol]
245 1 3 _aLa construcción de la ciudadanía :
_blos trabajadores trasnacionales y la revolución en la frontera México-Guatemala, 1880-1950 /
_cCatherine A. Nolan Ferrell ; tr. Isabel Vericat Núñez.
250 _aPrimera edición.
260 _aMéxico :
_bUNAM, Centro de Investigaciones Multidisciplinarias sobre Chiapas y la Frontera Sur,
_c©2018.
300 _a308 páginas
490 0 _aNueva historiografía de Chiapas y Centroamérica
504 _aIncluye referencias bibliográficas.
650 4 _aTrabajadores agrícolas
_zChiapas
_xCondiciones sociales
_945754
650 4 _aTrabajadores agrícolas extranjeros
_zChiapas
_xCondiciones sociales
_945755
650 4 _bPobreza rural
_zChiapas
_945756
650 4 _aNacionalismo
_zChiapas
_xHistoria
_945757
650 4 _aCiudadanía
_xAspectos sociales
_zChiapas
_xHistoria
_945758
905 _aLibro
999 _c207372
_d207372